<?xml version="1.0" encoding="UTF-8"?>
<record
    xmlns:xsi="http://www.w3.org/2001/XMLSchema-instance"
    xsi:schemaLocation="http://www.loc.gov/MARC21/slim http://www.loc.gov/standards/marcxml/schema/MARC21slim.xsd"
    xmlns="http://www.loc.gov/MARC21/slim">

  <leader>01282nam a2200253 a 4500</leader>
  <controlfield tag="001">82446</controlfield>
  <controlfield tag="003">BD-RjUL</controlfield>
  <controlfield tag="005">20231212110812.0</controlfield>
  <controlfield tag="008">231212s1974    le            000 0 ara d</controlfield>
  <datafield tag="035" ind1=" " ind2=" ">
    <subfield code="a">(BD-RjUL)82446</subfield>
  </datafield>
  <datafield tag="040" ind1=" " ind2=" ">
    <subfield code="a">BIC</subfield>
    <subfield code="b">eng</subfield>
    <subfield code="c">BD-RjUL</subfield>
  </datafield>
  <datafield tag="041" ind1=" " ind2=" ">
    <subfield code="a">ara</subfield>
  </datafield>
  <datafield tag="082" ind1=" " ind2=" ">
    <subfield code="2">23</subfield>
    <subfield code="a">297.63</subfield>
    <subfield code="b">NAH 1974</subfield>
  </datafield>
  <datafield tag="100" ind1="1" ind2=" ">
    <subfield code="a">&#x627;&#x644;&#x646;&#x628;&#x647;&#x627;&#x646;&#x64A;&#x60C; &#x64A;&#x648;&#x633;&#x641; &#x628;&#x646; &#x627;&#x633;&#x645;&#x627;&#x639;&#x64A;&#x644;    ;; &#x60C;Al-Nabhani, Yusef bin Ismail,</subfield>
    <subfield code="d">1265-1350 &#x647;&#x62C;&#x631;&#x64A;[1849-1932 &#x645;.]</subfield>
    <subfield code="9">10470</subfield>
  </datafield>
  <datafield tag="245" ind1="1" ind2="0">
    <subfield code="a">&#x62D;&#x62C;&#x629; &#x627;&#x644;&#x644;&#x647; &#x639;&#x644;&#x649; &#x627;&#x644;&#x639;&#x627;&#x644;&#x645;&#x64A;&#x646; :hijat allah ealaa alealamin :</subfield>
    <subfield code="b">&#x641;&#x64A; &#x645;&#x639;&#x62C;&#x632;&#x627;&#x62A; &#x633;&#x64A;&#x62F; &#x627;&#x644;&#x645;&#x631;&#x633;&#x644;&#x64A;&#x646; &#x635;&#x644;&#x649; &#x627;&#x644;&#x644;&#x647; &#x639;&#x644;&#x64A;&#x647; &#x648;&#x633;&#x644;&#x645; /fi muejizat sayid almursalin salaa allah ealayh wasalam /</subfield>
    <subfield code="c"> &#x64A;&#x648;&#x633;&#x641; &#x628;&#x646; &#x627;&#x633;&#x645;&#x627;&#x639;&#x64A;&#x644; &#x627;&#x644;&#x646;&#x628;&#x647;&#x627;&#x646;&#x64A; &#x61B; &#x636;&#x628;&#x637;&#x647; &#x648;&#x635;&#x62D;&#x62D;&#x647; &#x648;&#x631;&#x627;&#x62C;&#x639;&#x647;: &#x639;&#x628;&#x62F;&#x627;&#x644;&#x648;&#x627;&#x631;&#x62B; &#x645;&#x62D;&#x645;&#x62F; &#x639;&#x644;&#x64A;.  ;;;  yusif bn asmaeil alnabhanii ; dabtuh wasahhuh warajaeah: eabdalwarth muhamad ealay.</subfield>
  </datafield>
  <datafield tag="250" ind1=" " ind2=" ">
    <subfield code="a">&#x637;. 1</subfield>
  </datafield>
  <datafield tag="260" ind1=" " ind2=" ">
    <subfield code="a">&#x628;&#x64A;&#x631;&#x648;&#x62A; :</subfield>
    <subfield code="b">&#x62F;&#x627;&#x631; &#x627;&#x644;&#x643;&#x62A;&#x628; &#x627;&#x644;&#x639;&#x644;&#x645;&#x64A;&#x629;,</subfield>
    <subfield code="c">1974</subfield>
  </datafield>
  <datafield tag="300" ind1=" " ind2=" ">
    <subfield code="a">V. ;</subfield>
    <subfield code="c">24 &#x633;&#x645;.</subfield>
  </datafield>
  <datafield tag="505" ind1=" " ind2=" ">
    <subfield code="a">Vol. 2</subfield>
  </datafield>
  <datafield tag="650" ind1=" " ind2="7">
    <subfield code="a">&#x627;&#x644;&#x633;&#x64A;&#x631;&#x629; &#x627;&#x644;&#x646;&#x628;&#x648;&#x64A;&#x629;</subfield>
    <subfield code="x">&#x627;&#x644;&#x645;&#x639;&#x62C;&#x632;&#x627;&#x62A;</subfield>
    <subfield code="2">BIC</subfield>
    <subfield code="9">10471</subfield>
  </datafield>
  <datafield tag="650" ind1=" " ind2="7">
    <subfield code="a">&#x639;&#x644;&#x627;&#x645;&#x627;&#x62A; &#x627;&#x644;&#x633;&#x627;&#x639;&#x629;</subfield>
    <subfield code="2">BIC</subfield>
    <subfield code="9">10472</subfield>
  </datafield>
  <datafield tag="650" ind1=" " ind2="7">
    <subfield code="a">&#x635;&#x62D;&#x627;&#x628;&#x629; &#x631;&#x633;&#x648;&#x644; &#x627;&#x644;&#x644;&#x647; &#x635;&#x644;&#x649; &#x627;&#x644;&#x644;&#x647; &#x639;&#x644;&#x64A;&#x647; &#x648;&#x633;&#x644;&#x645;</subfield>
    <subfield code="x">&#x627;&#x644;&#x643;&#x631;&#x627;&#x645;&#x627;&#x62A;</subfield>
    <subfield code="2">BIC</subfield>
    <subfield code="9">10473</subfield>
  </datafield>
  <datafield tag="942" ind1=" " ind2=" ">
    <subfield code="2">ddc</subfield>
    <subfield code="c">BK</subfield>
  </datafield>
  <datafield tag="999" ind1=" " ind2=" ">
    <subfield code="c">82446</subfield>
    <subfield code="d">82446</subfield>
  </datafield>
  <datafield tag="952" ind1=" " ind2=" ">
    <subfield code="0">0</subfield>
    <subfield code="1">0</subfield>
    <subfield code="2">ddc</subfield>
    <subfield code="4">0</subfield>
    <subfield code="7">1</subfield>
    <subfield code="8">NFIC</subfield>
    <subfield code="a">RUCL</subfield>
    <subfield code="b">RUCL</subfield>
    <subfield code="c">Reading</subfield>
    <subfield code="d">2023-12-12</subfield>
    <subfield code="l">0</subfield>
    <subfield code="o">A 297.63 NAH V-2 1974</subfield>
    <subfield code="r">2023-12-12 00:00:00</subfield>
    <subfield code="t">C-1</subfield>
    <subfield code="w">2023-12-12</subfield>
    <subfield code="y">BK</subfield>
  </datafield>
</record>
